000 00387 a2200133 4500
001 91406
082 _aPR 1302
090 _c43536
_d43535
100 _aRaheel Altaf; Prof Tariq Mahmood (Advisor)
245 _aAnalysis and Design of Nozzle for Abrasive Water Jet Cutting Machine
_n49 "A" EC
260 _aKarachi
_bNED University
_c1998
300 _a53p
500 _aBE Project Reports
942 _aCAE NUST
_kPR 1302
999 _c326479
_d326479